01017cam a22002894i 4500003000900000005001700009008004100026020001500067035002700082040003300109082002300142100002700165245003900192264003500231300003800266336002100304337002500325338002300350504002800373505025700401526000900658526000900667526000800676526000800684526000800692650002700700PE-LiUPU20250731183415.0150623s r 000 0 d a0882294717 a(Sirsi) i9780882294711 aPE-LiUPUbspacPE-LiUPUerda04a796.192 2bO682211 aOrlick, Terry,eautor.10aEvery kid can win /cTerry Orlick. 1aChicago :bNelson-Hall,c1980. a196 páginas ;c21 centímetros atext2rdacontent aunmediated2rdamedia avolume2rdacarrier aIncluye bibliografía.0 aWhat you can do for kids. The right start. Why eliminate kids?. What about winning?. What's best for kids?. What do you feel?. What can we expect from kids?. It's gotta be fun. What about girls?. Making sport a better place for kids. Every kid can win. aP158 aP146 aP17 aP12 aP0604aDeportes para niños.